[Event "machin bidule"]
[Site "http://www.queenalice.com/game.php?id=1519087"]
[Date "2018.3.10"]
[Round "-"]
[White "Nolan170"]
[Black "Vin100"]
[Result "0-1"]
[WhiteElo "1100"]
[BlackElo "1744"]

1. Nf3 f6 2. d4 d5 3. Nc3 c6 4. Bf4 g5 5. Bg3 e6 6. e4 g4 7. Bd3 gxf3 8. O-O
fxg2 9. exd5 gxf1=Q+ 10. Qxf1 exd5 11. Qg2 b5 12. h4 Bd6 13. Qh2 f5 14. Re1+ Ne7
15. Bxf5 Bxf5 16. b3 b4 17. Na4 a5 18. c4 Bxg3 19. Nc5 Bxh2+ 20. Kxh2 Qd6+ 21.
f4 Qxf4+ 22. Kg1 Qg3+ 23. Kf1 Bh3+ 24. Ke2 Qg2+ 25. Kd3 Bf5+ 26. Ke3 Nd7 27. Na6
Rxa6 28. cxd5 Nxd5# 0-1

[Event "xxl"]
[Site "http://www.queenalice.com/game.php?id=1519088"]
[Date "2018.3.10"]
[Round "-"]
[White "Nolan170"]
[Black "Belle1996"]
[Result "0-1"]
[WhiteElo "1086"]
[BlackElo "1033"]

1. Nf3 e5 2. Nxe5 d6 3. Nc4 Nf6 4. e3 Nc6 5. Bd3 Be7 6. Nc3 Bd7 7. O-O O-O 8. b4
d5 9. e4 d4 10. Ne2 h6 11. Bb2 Nxb4 12. a3 Nxd3 13. cxd3 Bg4 0-1

[Event "Challenge"]
[Site "http://www.queenalice.com/game.php?id=1519107"]
[Date "2018.3.10"]
[Round "-"]
[White "Nolan170"]
[Black "Nicole63"]
[Result "1-0"]
[WhiteElo "928"]
[BlackElo "1062"]

1. Nf3 e5 2. Nxe5 Nc6 3. Ng4 d5 4. e3 Bxg4 5. Be2 Bf5 6. Bd3 Bg6 7. Bxg6 hxg6 8.
Nc3 Nf6 9. O-O Bc5 10. Re1 Qd6 11. Na4 Bb4 12. c3 Ba5 13. g3 O-O 14. d4 Ne4 15.
f3 Nf6 16. b4 Bb6 17. Bb2 Nh5 18. Qb3 Qf6 19. f4 a6 20. Qxd5 Ne7 21. Qxb7 Rab8
22. Qf3 g5 23. fxg5 Qxg5 24. Nxb6 Rxb6 25. e4 Nc6 26. Bc1 Rbb8 27. Bxg5 a5 28.
a3 Rbd8 29. Bxd8 Rxd8 30. Qxh5 Rd6 31. d5 Re6 32. dxe6 fxe6 33. Qe8+ Kh7 34.
Qxc6 axb4 35. axb4 Kh6 36. Qxe6+ g6 37. Ra6 1-0

[Event "Challenge"]
[Site "http://www.queenalice.com/game.php?id=1519110"]
[Date "2018.3.10"]
[Round "-"]
[White "Nolan170"]
[Black "peaceman"]
[Result "0-1"]
[WhiteElo "918"]
[BlackElo "1108"]

1. Nf3 d5 2. Nc3 h6 3. e3 a6 4. Bd3 Nf6 5. O-O Be6 6. b4 b5 7. Bb2 g5 8. h3 Nc6
9. Qe2 Qd6 10. Nd4 Qxb4 11. Rab1 Nxd4 12. exd4 Bg7 13. a3 Qa5 14. Na2 Qa4 15. c3
Qb3 16. Nb4 Bd7 0-1

[Event "Challenge"]
[Site "http://www.queenalice.com/game.php?id=1519113"]
[Date "2018.3.10"]
[Round "-"]
[White "Nolan170"]
[Black "ChrisBidlack"]
[Result "0-1"]
[WhiteElo "1030"]
[BlackElo "1162"]

1. Nf3 Nf6 2. Nc3 Nc6 3. e3 e5 4. Bc4 d5 5. Bb3 Bb4 6. O-O Bxc3 7. bxc3 Be6 8.
Ba3 a5 9. Qe2 a4 10. Ng5 axb3 11. cxb3 h6 12. Rfe1 hxg5 13. Bb2 O-O 14. c4 Bg4
15. f3 Bh5 16. cxd5 Nxd5 17. g4 Bg6 18. e4 Nf4 19. Qe3 Nd4 20. Bxd4 Qxd4 21.
Rac1 Qxe3+ 22. Kf1 Qxf3+ 23. Kg1 Nh3# 0-1

[Event "Challenge"]
[Site "http://www.queenalice.com/game.php?id=1519114"]
[Date "2018.3.10"]
[Round "-"]
[White "Belle1996"]
[Black "Nolan170"]
[Result "1-0"]
[WhiteElo "1047"]
[BlackElo "1000"]

1. e4 Nf6 2. d3 d5 3. Nc3 Nc6 4. exd5 Nxd5 5. Bd2 e5 6. Nf3 Bc5 7. Be2 O-O 8.
O-O Bg4 9. h3 Bxf3 10. Bxf3 h6 11. Ne4 Qd7 12. Nxc5 Qd6 13. Ne4 Qe7 14. Bc3 Nd4
15. Bxd4 1-0

[Event "Challenge"]
[Site "http://www.queenalice.com/game.php?id=1519116"]
[Date "2018.3.10"]
[Round "-"]
[White "Nicole63"]
[Black "Nolan170"]
[Result "0-1"]
[WhiteElo "1066"]
[BlackElo "894"]

1. e4 Nf6 2. Nc3 e5 3. Nf3 d6 4. Bc4 Be6 5. Bb5+ c6 6. Ba4 d5 7. Nxe5 Bg4 8. f3
Bc5 9. fxg4 Nxg4 10. d3 Nxe5 11. Bf4 Ng6 12. d4 b6 13. O-O O-O 14. Qe2 a6 15. a3
Bxd4+ 16. Kh1 Nxf4 17. Qf3 Qd6 18. Rad1 Nd7 19. Rxd4 Ne6 20. b3 Nxd4 21. Qf4
Qxf4 22. Rxf4 Rae8 23. Bxc6 Nxc6 24. exd5 Re1+ 25. Rf1 Rxf1# 0-1

[Event "Challenge"]
[Site "http://www.queenalice.com/game.php?id=1519119"]
[Date "2018.3.10"]
[Round "-"]
[White "peaceman"]
[Black "Nolan170"]
[Result "1-0"]
[WhiteElo "1098"]
[BlackElo "937"]

1. e4 Nf6 2. Qf3 e5 3. Nc3 Bb4 4. a3 Bc5 5. b4 Bd4 6. Bb2 O-O 7. Bd3 d5 8. h3
Bd7 9. Nxd5 Nxd5 10. exd5 Bxb2 11. Ra2 Bd4 12. c3 Bc5 13. Ne2 Na6 14. O-O Bd6
15. b5 Nc5 16. Bc2 1-0

[Event "Challenge"]
[Site "http://www.queenalice.com/game.php?id=1519122"]
[Date "2018.3.10"]
[Round "-"]
[White "ChrisBidlack"]
[Black "Nolan170"]
[Result "1-0"]
[WhiteElo "1161"]
[BlackElo "903"]

1. e4 Nf6 2. e5 Ng4 3. Qxg4 e6 4. d4 Nc6 5. Bg5 h6 6. Bxd8 Nxd8 7. Nf3 Bb4+ 8.
Nbd2 O-O 9. c3 g6 10. cxb4 Nc6 11. b5 Nb4 12. Qe4 d5 13. Qe2 Nc2+ 14. Kd1 g5 15.
Kxc2 Bd7 16. a4 b6 17. Rc1 Rac8 18. h4 g4 19. Nh2 g3 20. Qg4+ Kh8 21. Qxg3 f6
22. Nhf3 Ra8 23. Qg6 f5 24. Qxh6+ Kg8 25. Ng5 a5 26. Qh7# 1-0

[Event "machin bidule2"]
[Site "http://www.queenalice.com/game.php?id=1519329"]
[Date "2018.3.11"]
[Round "-"]
[White "Nolan170"]
[Black "Vin100"]
[Result "0-1"]
[WhiteElo "903"]
[BlackElo "1638"]

1. e4 e5 2. Nf3 d6 3. d3 Bg4 4. Bg5 Be7 5. h4 c5 6. c3 Nd7 7. d4 b6 8. Bb5 a6 9.
Ba4 b5 10. Bb3 c4 11. a4 cxb3 12. O-O Bxg5 13. Nxg5 Bxd1 14. Rxd1 Qe7 15. axb5
a5 16. dxe5 Nxe5 17. Nd2 a4 18. c4 Nf6 19. Ngf3 O-O 20. Nd4 Nd3 21. b6 Nxb2 22.
Rdb1 Nd3 23. Ra3 Nxe4 24. Re1 Nxd2 25. Rea1 Nc5 26. R1a2 Nxc4 27. Rc2 bxc2 28.
Nxc2 Nxa3 29. Nd4 Qe4 0-1

[Event "machin bidule3"]
[Site "http://www.queenalice.com/game.php?id=1519330"]
[Date "2018.3.11"]
[Round "-"]
[White "Vin100"]
[Black "Nolan170"]
[Result "1-0"]
[WhiteElo "1641"]
[BlackElo "1086"]

1. e4 e5 2. Nf3 Bc5 3. Bc4 Nf6 4. d3 O-O 5. Nxe5 Bb4+ 6. Bd2 c5 7. O-O Nc6 8.
Bf4 Re8 9. c3 h6 10. cxb4 cxb4 11. Nd2 Nxe5 12. Nf3 Re6 13. Bxe6 dxe6 14. Nxe5
a5 15. Qc2 Nxe4 16. dxe4 Ra6 17. Rad1 Qc7 18. Qxc7 Bd7 19. Rxd7 Ra8 20. Qxb7 Rf8
21. Nc6 Kh7 22. Nxa5 Kg8 23. Qxb4 Rc8 24. Qb7 Rd8 25. Rxd8+ Kh7 26. Qxf7 h5 27.
Be5 h4 28. Qxg7# 1-0

[Event "Challenge"]
[Site "http://www.queenalice.com/game.php?id=1535031"]
[Date "2018.7.16"]
[Round "-"]
[White "ChrisBidlack"]
[Black "Nolan170"]
[Result "1-0"]
[WhiteElo "1165"]
[BlackElo "947"]

1. Nf3 d6 2. Nc3 c6 3. e3 f6 4. d4 Bg4 5. Be2 g5 6. Nxg5 Bxe2 7. Ne6 Qc8 8. Nxe2
Qxe6 9. Nf4 Qd7 10. Qh5+ Kd8 11. Qf7 Nh6 12. Qb3 d5 13. Bd2 e5 14. Ne6+ Qxe6 15.
Qxb7 Qc8 16. Qxa8 Nd7 17. Qxa7 Be7 18. Ba5+ Ke8 19. Bc7 Kf7 20. Qa5 Qb7 21. e4
Bb4+ 22. c3 Bxa5 23. Bxa5 Qxb2 24. O-O f5 25. f4 Qb5 26. Bc7 exd4 27. a4 Qd3 28.
Rfd1 Qxc3 29. Rdc1 Qe3+ 30. Kh1 dxe4 31. h3 c5 32. a5 Rc8 33. Bb6 Qxf4 34. Rab1
Ke6 35. a6 Qd6 36. a7 Nxb6 37. Rc2 Nd5 38. Rcb2 Ke5 39. Rb8 Nb6 40. R1xb6 Qf8
41. a8=Q Qd8 42. Qa7 Nf7 43. Rxc8 Qxc8 44. Qe7+ Kf4 45. Qxf7 d3 46. g3+ Kxg3 47.
Qg7+ Kf2 48. Rb2+ Kf3 49. Qg2+ Ke3 50. Qf2# 1-0

[Event "Challenge"]
[Site "http://www.queenalice.com/game.php?id=1535032"]
[Date "2018.7.16"]
[Round "-"]
[White "Nolan170"]
[Black "ChrisBidlack"]
[Result "0-1"]
[WhiteElo "958"]
[BlackElo "1161"]

1. e4 e5 2. Nf3 Nf6 3. d3 Bc5 4. Bg5 h6 5. Bxf6 Qxf6 6. Nbd2 O-O 7. c3 d6 8. b4
Bb6 9. Be2 Qg6 10. O-O Bh3 11. g3 Bxf1 12. Bxf1 f5 13. Qb3+ Rf7 14. d4 fxe4 15.
Nh4 Qf6 16. Nxe4 Qe7 17. Bc4 exd4 18. Bxf7+ Qxf7 19. c4 d5 20. cxd5 Kh7 21. Qd3
Kg8 22. d6 cxd6 23. Nxd6 Qe7 24. Nhf5 Qe6 25. Nxb7 Nc6 26. a3 Rf8 27. Nbd6 Ne5
28. Nxd4 Nxd3 29. Nxe6 Rxf2 30. Kh1 Rf6 31. Rd1 Nf2+ 32. Kg2 Nxd1 33. Nxg7 Rf2+
34. Kh3 Kxg7 0-1

[Event "Challenge"]
[Site "http://www.queenalice.com/game.php?id=1535033"]
[Date "2018.7.16"]
[Round "-"]
[White "peaceman"]
[Black "Nolan170"]
[Result "0-1"]
[WhiteElo "1100"]
[BlackElo "965"]

1. e4 e5 2. Nc3 c6 3. Qe2 d6 4. Nf3 Bg4 5. h3 Bxf3 6. Qxf3 Nf6 7. d3 Nbd7 8. g4
Nc5 9. Be2 Be7 10. a3 b5 11. Be3 O-O 12. b4 Ne6 13. g5 Nd7 14. h4 a5 15. O-O g6
16. Qg4 Nd4 17. Bd1 axb4 18. Ne2 c5 19. a4 bxa4 20. Ng3 b3 21. cxb3 Nxb3 22. Ra3
Qb6 23. Qxd7 Rfe8 24. Bg4 Qb4 25. Ra2 Nd4 26. Qc6 Nxc6 27. Bc1 Qc3 28. Ra3 Qb4
29. Bd7 Red8 30. Bxc6 Ra6 31. Bd5 Qb1 32. Bd2 Qb2 33. Ra2 Qd4 34. Be3 Qxd3 35.
Rd2 Qb5 36. Ba2 c4 37. Ne2 d5 38. f3 d4 39. Nxd4 Qb4 40. Rff2 c3 41. Nc2 Qb7 42.
Rxd8+ Bxd8 43. Na3 Bb6 44. Nc2 Qe7 45. Kg2 Bc5 46. Bc4 Rb6 47. Rf1 Rb2 48. Rf2
Bxe3 49. Re2 Bc5 50. Ne1 Rxe2+ 51. Bxe2 a3 52. Nc2 a2 53. Bd3 Qa7 54. Bc4 a1=Q
55. Nxa1 Qxa1 56. Kg3 c2 57. Bd5 c1=Q 58. Kg4 Qg1+ 59. Kh3 Qaf1# 0-1

[Event "Challenge"]
[Site "http://www.queenalice.com/game.php?id=1535034"]
[Date "2018.7.16"]
[Round "-"]
[White "Nolan170"]
[Black "peaceman"]
[Result "1-0"]
[WhiteElo "938"]
[BlackElo "1106"]

1. e4 e5 2. Nf3 Nf6 3. d3 d6 4. Bg5 Be7 5. Nbd2 Nc6 6. c3 h6 7. Bxf6 Bxf6 8. b4
b5 9. Be2 Be6 10. O-O O-O 11. Nb3 a6 12. Na5 Bd7 13. a4 Qb8 14. Nxc6 Bxc6 15. g3
Qc8 16. Qc2 Qe6 17. axb5 axb5 18. Rxa8 Bxa8 19. d4 exd4 20. Nxd4 Qe5 21. Nxb5
Bxe4 22. Bd3 Bc6 23. Nxc7 Bd8 24. Na6 Qd5 25. Be4 Qb5 26. Bxc6 Qxc6 27. Qd3 g6
28. b5 Qb7 29. c4 Qb6 30. Nb4 Qc5 31. Nd5 Re8 32. Ra1 Rf8 33. Re1 Ba5 34. Re7
Bd8 35. Re1 Ba5 36. Rb1 g5 37. b6 Rb8 38. b7 Qc6 39. Ne7+ Kf8 40. Nxc6 Rxb7 41.
Rxb7 Be1 42. Rb8+ Kg7 43. Qxd6 Bc3 44. Qf8+ Kf6 45. Qh8+ Ke6 46. Qxc3 Kf5 47.
Qf3+ Kg6 48. Rg8+ Kh7 49. Qxf7# 1-0